000 00659nam a22002177a 4500
003 OSt
005 20140310182219.0
008 130909t xxu||||| |||| 00| 0 eng d
020 _a9780142414729
050 _aPZ 7
_b.D455Lo 2008
082 _aFIC
_bD475 2008
100 _aDessen, Sarah
_917249
245 _aLock and key /
_cSarah Dessen.
300 _a422 p.
_c220 cm.
650 _a Abandoned children
_xJuvenile fiction.
_917250
650 _aSelf-actualization (Psychology)
_xJuvenile fiction.
_917251
650 _a Families
_xJuvenile fiction.
_917252
650 _aChild abuse--Juvenile fiction.
_917253
942 _2lcc
_cFIC
999 _c10683
_d10683